000 00752nam a2200229 4500
001 132810
003 ES-MaACL
005 20230906194245.0
007 t|
008 070214s1976 sp r ||||1| spa d
020 _a84-253-0692-2
100 1 _aRosal, Amaro del.
_999632
245 1 3 _aLa violencia, enfermedad del anarquismo
_b: antecedentes e historia del movimiento sindical socialista en España, siglo XIX /
_cAmaro del Rosal.
250 _a1ª ed.
260 _aBarcelona :
_bGrijalbo,
_c1976.
300 _a619 p., 28 h. de lám. ;
_c22 cm.
500 _aApéndices: p. 415-595.
504 _aBibliografía: p. 597-600.
610 2 4 _aUGT.
_97030
650 0 0 _aMovimiento obrero-
_zEspaña-
_yS.XIX.
_915215
852 _aES-MaACL
_jA-8419
999 _c132810
_d132810